[Event "SERBIA OPEN 2023 - MASTERS СРБИЈА"]
[Site "Belgrade, "]
[Date "2023.07.18"]
[Round "3.102"]
[White "Lopez Rayo, Isabella"]
[Black "Yessengali, Adizhan"]
[Result "1-0"]
[WhiteElo "1971"]
[BlackElo "1663"]
[PlyCount "45"]
[EventDate "2023.07.16"]

1. e4 c6 2. d4 d5 3. exd5 cxd5 4. Bd3 Nc6 5. c3 Nf6 6. Bf4 Bg4 7. Qb3 Qd7 8. h3 Bh5 9. Nd2 e6 10. Ngf3 Bxf3 11. Nxf3 Bd6 12. Bxd6 Qxd6 13. Qxb7 O-O 14. Qa6 Rfb8 15. O-O Rb6 16. Qa4 Rxb2 17. Rab1 Rab8 18. Rxb2 Rxb2 19. Bb5 Nd8 20. Ne5 Ne4 21. Bd3 Nxc3 22. Qe8+ Qf8 23. Bxh7+ 1-0

[Event "SERBIA OPEN 2023 - MASTERS СРБИЈА"]
[Site "Belgrade, "]
[Date "2023.07.18"]
[Round "3.103"]
[White "Stefan, Iulia-Cristiana"]
[Black "Girgis, Lazar"]
[Result "1/2-1/2"]
[WhiteElo "1679"]
[BlackElo "1965"]
[PlyCount "107"]
[EventDate "2023.07.16"]

1. d4 Nf6 2. Bf4 g6 3. Nf3 Bg7 4. Nbd2 O-O 5. c3 d6 6. e4 Nfd7 7. Be2 e5 8. dxe5 dxe5 9. Be3 Nc6 10. O-O a5 11. Qc2 Qe7 12. Rfe1 Nd8 13. Bf1 Ne6 14. a4 Kh8 15. Nc4 f5 16. exf5 gxf5 17. Rad1 b6 18. Bc1 e4 19. Nd4 Bb7 20. Nxe6 Qxe6 21. Bf4 Rac8 22. Qd2 Nc5 23. Qc2 Qc6 24. b3 Nd3 25. Rxd3 exd3 26. Qxd3 Ba6 27. Qg3 Bxc4 28. Bxc4 Rce8 29. Rd1 Rd8 30. Rxd8 Rxd8 31. h3 Re8 32. Bxc7 Re1+ 33. Kh2 Qxc7 34. Qxc7 Be5+ 35. Qxe5+ Rxe5 36. Kg3 Kg7 37. Kf4 Kf6 38. f3 h6 39. g4 Re1 40. gxf5 Rh1 41. Kg4 Rc1 42. Be6 Rxc3 43. h4 Rd3 44. Kg3 Rd4 45. Kh3 Ke5 46. Kg3 Rf4 47. Bd7 Rd4 48. Be6 Rb4 49. Bc4 Kf6 50. Be6 Rd4 51. Kh3 Ke5 52. Kg3 Rd3 53. Kg4 Rd4+ 54. Kg3 1/2-1/2

[Event "SERBIA OPEN 2023 - MASTERS СРБИЈА"]
[Site "Belgrade, "]
[Date "2023.07.18"]
[Round "3.104"]
[White "Jevtic, Miroljub"]
[Black "Barkasheva, Sofia"]
[Result "0-1"]
[WhiteElo "1963"]
[BlackElo "1636"]
[PlyCount "116"]
[EventDate "2023.07.16"]

1. d4 d5 2. Nf3 c6 3. Bf4 Nf6 4. h3 e6 5. Nbd2 Bd6 6. Ne5 O-O 7. e3 c5 8. c3 Qc7 9. Bd3 Nbd7 10. Nxd7 Bxd7 11. Bg5 Be7 12. Nf3 cxd4 13. exd4 Rfe8 14. O-O Ne4 15. Bxe7 Rxe7 16. Ne5 f6 17. Nxd7 Rxd7 18. Re1 Qf4 19. Qe2 f5 20. f3 Ng5 21. Qe5 Qh4 22. Qh2 Rc8 23. Re5 Rf8 24. f4 Ne4 25. Bxe4 fxe4 26. g3 Qe7 27. g4 Qd6 28. Rf1 Rdf7 29. Qd2 Qa6 30. Kg2 Qc6 31. Kg3 Qc4 32. Rf2 Qc7 33. h4 Qa5 34. Rxe6 Qxa2 35. h5 Qb1 36. f5 Qg1+ 37. Rg2 Qf1 38. Qe2 Qc1 39. Rd6 Qg5 40. Rxd5 g6 41. hxg6 hxg6 42. Qxe4 gxf5 43. Qe6 Kg7 44. Qe5+ Kg8 45. Qf4 Qg6 46. Rd6 Qg7 47. g5 Re7 48. Qh4 f4+ 49. Kh3 f3 50. Rf2 Re1 51. Kh2 Qc7 52. Qg3 Qh7+ 53. Rh6 Qb1 54. Kh3 Rh1+ 55. Rh2 Qf5+ 56. Kh4 Rxh2+ 57. Qxh2 f2 58. Qd6 Qf4+ 0-1

[Event "SERBIA OPEN 2023 - MASTERS СРБИЈА"]
[Site "Belgrade, "]
[Date "2023.07.18"]
[Round "3.105"]
[White "Eldho, Skaria"]
[Black "Pogodin, Nikolay"]
[Result "1-0"]
[WhiteElo "1945"]
[BlackElo "1574"]
[PlyCount "115"]
[EventDate "2023.07.16"]

1. d4 Nf6 2. Nc3 d5 3. Bf4 c5 4. e4 Nxe4 5. Nxe4 dxe4 6. dxc5 Qxd1+ 7. Rxd1 Nc6 8. Bb5 Bd7 9. Ne2 e5 10. Bxc6 Bxc6 11. Bxe5 Bxc5 12. Bxg7 Rg8 13. Bd4 Bxd4 14. Nxd4 Rxg2 15. Ke2 Bd7 16. Rhg1 Rg6 17. Ke3 f5 18. Ne2 Rc8 19. c3 Rcc6 20. Rg3 Ra6 21. a3 Rad6 22. Rd4 Rxd4 23. cxd4 Rh6 24. h3 Ra6 25. b4 Kf7 26. Kf4 Rc6 27. Rc3 Rd6 28. Rc7 Ke6 29. Rxb7 Ra6 30. Ng3 Rxa3 31. d5+ Kd6 32. Nxf5+ Bxf5 33. Kxf5 Kxd5 34. Rd7+ Kc4 35. Rxh7 Rf3+ 36. Kxe4 Rxf2 37. Rxa7 Kxb4 38. h4 Re2+ 39. Kf3 Rh2 40. Kg3 Rh1 41. Rc7 Kb5 42. Kg4 Rg1+ 43. Kf5 Kb6 44. Rc8 Kb7 45. Rc4 Rh1 46. Kg6 Rg1+ 47. Kh6 Ra1 48. h5 Ra6+ 49. Kg7 Ra5 50. Rh4 Ra1 51. h6 Rg1+ 52. Kf6 Rf1+ 53. Kg5 Rg1+ 54. Rg4 Ra1 55. h7 Ra8 56. Rh4 Ra5+ 57. Kg6 Ra6+ 58. Kg7 1-0

[Event "SERBIA OPEN 2023 - MASTERS СРБИЈА ОПЕН 2023 - МАСТЕРС"]
[Site "Belgrade, "]
[Date "2023.07.18"]
[Round "3.106"]
[White "Davidov, Lazar"]
[Black "Orujov, Hasan"]
[Result "0-1"]
[WhiteElo "1901"]
[BlackElo "1498"]
[PlyCount "86"]
[EventDate "2023.07.16"]

1. d4 Nf6 2. Nf3 d5 3. e3 e6 4. Bd3 c5 5. c3 Nc6 6. Nbd2 Bd6 7. O-O O-O 8. dxc5 Bxc5 9. e4 Qc7 10. Qe2 h6 11. e5 Ng4 12. Nb3 Bb6 13. Nbd4 Ncxe5 14. Nxe5 Nxe5 15. Bf4 f6 16. Rae1 Bd7 17. Qh5 Qd8 18. Bxe5 fxe5 19. Rxe5 Bxd4 20. cxd4 Rf6 21. Qe2 Qb6 22. Rd1 Raf8 23. Bb1 Rxf2 24. Qxf2 Rxf2 25. Kxf2 Qxb2+ 26. Re2 Qb6 27. Red2 Ba4 28. Bc2 Bxc2 29. Rxc2 e5 30. Ke3 Qd6 31. Rdd2 e4 32. Rc8+ Kh7 33. Rc5 b6 34. Rc3 Qxh2 35. Re2 Qg1+ 36. Kd2 Qxd4+ 37. Kc2 Qa4+ 38. Kc1 Qe8 39. Rce3 Qe5 40. Kc2 Qa1 41. Kb3 Qb1+ 42. Kc3 Qc1+ 43. Kd4 Qc5+ 0-1

[Event "SERBIA OPEN 2023 - MASTERS СРБИЈА ОПЕН 2023 - МАСТЕРС"]
[Site "Belgrade, "]
[Date "2023.07.18"]
[Round "3.107"]
[White "Medic, Relja"]
[Black "Pereverzev, Timofei"]
[Result "1-0"]
[WhiteElo "1665"]
[BlackElo "1895"]
[PlyCount "63"]
[EventDate "2023.07.16"]

1. Nf3 Nf6 2. c4 g6 3. Nc3 Bg7 4. e4 O-O 5. d4 d6 6. Be2 e5 7. Be3 exd4 8. Nxd4 Nbd7 9. O-O Ne5 10. h3 Re8 11. Qc2 Bd7 12. Rad1 Nc6 13. Bf3 a6 14. a3 Ne5 15. Be2 Nc6 16. Bf3 a5 17. b3 Qc8 18. Nxc6 Bxc6 19. Nd5 Nxd5 20. exd5 Bd7 21. Qd2 Bf5 22. Rc1 b6 23. a4 Qd8 24. Bg5 Bf6 25. Be3 Qd7 26. Rfe1 Qe7 27. Rcd1 Qe5 28. Bxb6 Qb2 29. Rxe8+ Rxe8 30. Bxa5 Ra8 31. Bc3 Qxd2 32. Bxd2 {Error in writing} 1-0

[Event "SERBIA OPEN 2023 - MASTERS СРБИЈА ОПЕН 2023 - МАСТЕРС"]
[Site "Belgrade, "]
[Date "2023.07.18"]
[Round "3.108"]
[White "Enkhrii, Enkh-Amgalan"]
[Black "Lyutsinger, Iren"]
[Result "0-1"]
[WhiteElo "1646"]
[BlackElo "1807"]
[PlyCount "72"]
[EventDate "2023.07.16"]

1. e4 c5 2. Nf3 e6 3. d4 cxd4 4. Nxd4 Nf6 5. Nc3 Nc6 6. Ndb5 Bb4 7. a3 Bxc3+ 8. Nxc3 d5 9. exd5 exd5 10. Bg5 O-O 11. Be2 d4 12. Ne4 Qa5+ 13. b4 Qe5 14. Nxf6+ gxf6 15. f4 Qe3 16. Bh4 Re8 17. Kf1 Qxf4+ 18. Bf2 Bf5 19. g4 Be4 20. Rg1 Qxh2 21. Bg3 Qh3+ 22. Kf2 Qh6 23. Qc1 Qg6 24. Bf4 Ne5 25. Qd2 Rad8 26. g5 f5 27. Rh1 Bxh1 28. Rxh1 Ng4+ 29. Kg3 Qc6 30. Bf3 Qc3 31. Qd3 Qxd3 32. cxd3 Ne5 33. Bxb7 Nxd3 34. Bd2 Re2 35. Rh2 f4+ 36. Kh3 Nf2+ 0-1

[Event "SERBIA OPEN 2023 - MASTERS СРБИЈА ОПЕН 2023 - МАСТЕРС"]
[Site "Belgrade, "]
[Date "2023.07.18"]
[Round "3.109"]
[White "Kostic, Branimir"]
[Black "Udovenko, Daniel"]
[Result "1-0"]
[WhiteElo "2134"]
[BlackElo "1856"]
[PlyCount "57"]
[EventDate "2023.07.16"]

1. d4 Nf6 2. c4 g6 3. Nc3 Bg7 4. e4 d6 5. Be2 O-O 6. Nf3 e5 7. O-O exd4 8. Nxd4 Re8 9. f3 Nbd7 10. Bg5 Nc5 11. Qd2 Ne6 12. Nxe6 Bxe6 13. Rad1 Qd7 14. g4 a6 15. c5 Red8 16. Qf4 Qe7 17. Rd2 Rd7 18. Rfd1 Rad8 19. cxd6 cxd6 20. Na4 Bxa2 21. Nb6 Rc7 22. e5 d5 23. Bxf6 Bxf6 24. Qxf6 Qxf6 25. exf6 Bb3 26. Nxd5 Bxd1 27. Ne7+ Rxe7 28. Rxd8+ Re8 29. Rxe8# 1-0

[Event "SERBIA OPEN 2023 - MASTERS СРБИЈА ОПЕН 2023 - МАСТЕРС"]
[Site "Belgrade, "]
[Date "2023.07.18"]
[Round "3.110"]
[White "Maksimovic, Miroslav"]
[Black "Vasilkov, Nikolay"]
[Result "1/2-1/2"]
[WhiteElo "2109"]
[BlackElo "1834"]
[PlyCount "109"]
[EventDate "2023.07.16"]

1. c4 e6 2. g3 Nf6 3. Bg2 d5 4. Nf3 Be7 5. O-O O-O 6. Qc2 Nbd7 7. b3 c6 8. Bb2 b6 9. d3 Bb7 10. e4 c5 11. e5 Ne8 12. Qe2 d4 13. Nbd2 Nc7 14. Rfe1 Rb8 15. Ne4 f5 16. exf6 gxf6 17. Bc1 e5 18. Nh4 Kh8 19. Nf5 Ne8 20. Qh5 Ba8 21. Bh3 b5 22. Bh6 Rg8 23. Qf7 Bf8 24. Bd2 Rb7 25. Nh6 Bxh6 26. Bxh6 Nf8 27. Qh5 Qe7 28. Nxc5 Qxc5 29. Qxe8 Ng6 30. Qe6 Rb6 31. Qf7 Nh4 32. Re4 Bxe4 33. dxe4 Qc6 34. Qd5 bxc4 35. bxc4 Qxd5 36. exd5 f5 37. Bc1 Nf3+ 38. Kg2 Ne1+ 39. Kf1 Nc2 40. c5 Rb5 41. a4 Rxc5 42. Rb1 Nb4 43. Ba3 a5 44. Bxb4 axb4 45. Bxf5 Rb8 46. d6 Rd5 47. d7 e4 48. g4 d3 49. Ke1 Kg7 50. Kd2 h5 51. Rc1 b3 52. Rb1 hxg4 53. Bxg4 Kf6 54. a5 Ke7 55. f3 1/2-1/2

[Event "SERBIA OPEN 2023 - MASTERS СРБИЈА ОПЕН 2023 - МАСТЕРС"]
[Site "Belgrade, "]
[Date "2023.07.18"]
[Round "3.111"]
[White "Janjic, Stefan"]
[Black "Yang, Maxwell"]
[Result "1-0"]
[WhiteElo "2097"]
[BlackElo "1806"]
[PlyCount "87"]
[EventDate "2023.07.16"]

1. d4 Nf6 2. Nf3 g6 3. c4 Bg7 4. g3 O-O 5. Bg2 d6 6. O-O Bf5 7. Nh4 Be4 8. f3 Bc6 9. e4 e5 10. Be3 b6 11. Qd2 Bb7 12. Nc3 exd4 13. Bxd4 Nc6 14. Be3 Re8 15. Bh6 Bxh6 16. Qxh6 Ne5 17. b3 Qe7 18. Rae1 Nd3 19. Re3 Nc5 20. Qg5 Ne6 21. Qh6 Kh8 22. Ree1 Nd4 23. Qd2 Qe5 24. f4 Qc5 25. Kh1 Ne6 26. f5 Ng7 27. fxg6 Ng4 28. gxf7 Rf8 29. Nd5 Bxd5 30. cxd5 a5 31. Rc1 Qe3 32. Qxe3 Nxe3 33. Rf3 Nxg2 34. Kxg2 Rac8 35. g4 c5 36. dxc6 Ne6 37. Rf6 Ng5 38. Rxd6 Rxf7 39. e5 Re7 40. Re1 Nf7 41. Nf5 Rxe5 42. Rxe5 Nxe5 43. c7 Nf7 44. Rd7 1-0

[Event "SERBIA OPEN 2023 - MASTERS СРБИЈА ОПЕН 2023 - МАСТЕРС"]
[Site "Belgrade, "]
[Date "2023.07.18"]
[Round "3.112"]
[White "Phatak, Aanjaneya"]
[Black "Ashvath, Mittal"]
[Result "1-0"]
[WhiteElo "2040"]
[BlackElo "1768"]
[PlyCount "103"]
[EventDate "2023.07.16"]

1. e4 c5 2. Nf3 d6 3. Bc4 Nd7 4. O-O a6 5. Bd3 g6 6. c3 Bg7 7. Bc2 e6 8. d4 Ne7 9. a4 O-O 10. Be3 b6 11. Qd2 cxd4 12. cxd4 Bb7 13. Bh6 Rc8 14. Bxg7 Kxg7 15. Nc3 e5 16. Rfd1 Bc6 17. dxe5 Nxe5 18. Nxe5 dxe5 19. Qe2 Qc7 20. Qxa6 Rfd8 21. Bb3 Rd4 22. Rxd4 exd4 23. Nd5 Bxd5 24. exd5 Qc5 25. Rd1 Qb4 26. Qd3 f6 27. g4 Rd8 28. Qe4 Rd7 29. Rd3 Rc7 30. Kg2 Nc8 31. Qxd4 Qxd4 32. Rxd4 Rd7 33. Rc4 Ne7 34. Rb4 Rd6 35. Rb5 f5 36. h3 Kf6 37. Ba2 Ke5 38. b4 fxg4 39. hxg4 Nc8 40. a5 g5 41. axb6 Nxb6 42. Rc5 h6 43. Kf3 Rf6+ 44. Kg3 Rf4 45. b5 Ra4 46. d6+ Kxd6 47. Rc6+ Ke7 48. Re6+ Kf8 49. Rxb6 Rxa2 50. Rxh6 Kg7 51. Rc6 Rb2 52. b6 1-0

[Event "SERBIA OPEN 2023 - MASTERS СРБИЈА ОПЕН 2023 - МАСТЕРС"]
[Site "Belgrade, "]
[Date "2023.07.18"]
[Round "3.113"]
[White "Grozdanovic, Anastasia"]
[Black "Lojpur, Nenad"]
[Result "1-0"]
[WhiteElo "1980"]
[BlackElo "1743"]
[PlyCount "59"]
[EventDate "2023.07.16"]

1. d4 e6 2. c4 d5 3. Nc3 Nf6 4. Bg5 Be7 5. e3 O-O 6. Bd3 h6 7. Bh4 Nbd7 8. cxd5 exd5 9. Nge2 b6 10. O-O Bb7 11. f3 c5 12. Bf2 Re8 13. Rc1 Rc8 14. Bf5 Bd6 15. Bh4 Rxe3 16. Bxf6 gxf6 17. Nb5 Bf8 18. Qd2 Qe7 19. Ng3 cxd4 20. Rxc8 Bxc8 21. Nxd4 Qe8 22. Be4 Rxe4 23. fxe4 Bc5 24. Ngf5 Qxe4 25. Kh1 Ne5 26. Re1 Bxf5 27. Rxe4 Bxe4 28. b4 Bf8 29. Nb5 Nc4 30. Qf4 {Error in writing} 1-0

[Event "SERBIA OPEN 2023 - MASTERS СРБИЈА ОПЕН 2023 - МАСТЕРС"]
[Site "Belgrade, "]
[Date "2023.07.18"]
[Round "3.114"]
[White "Stojanovic, Srdjan"]
[Black "Bozinovic, Boban"]
[Result "0-1"]
[WhiteElo "1686"]
[BlackElo "1954"]
[PlyCount "86"]
[EventDate "2023.07.16"]

1. d4 Nf6 2. Nf3 g6 3. g3 Bg7 4. Bg2 O-O 5. O-O c5 6. c3 cxd4 7. cxd4 d5 8. Nc3 a6 9. h3 b5 10. a3 Bb7 11. Qd3 Nbd7 12. Rd1 Rc8 13. Bd2 Nb6 14. b3 Ne4 15. Rac1 Qd6 16. Nb1 Nxd2 17. Nfxd2 Rc7 18. Rxc7 Qxc7 19. e4 dxe4 20. Bxe4 Rd8 21. Nf3 Bc8 22. g4 Qf4 23. Qe3 Qd6 24. Qc3 f5 25. gxf5 gxf5 26. Bc2 Bb7 27. Bxf5 Qf4 28. Bg4 Rf8 29. Nbd2 Nd5 30. Qc5 Kh8 31. Re1 Ba8 32. a4 bxa4 33. bxa4 Nf6 34. Re3 Nxg4 35. hxg4 Qxg4+ 36. Kf1 Bxf3 37. Nxf3 Rxf3 38. Rxe7 Rf8 39. d5 Qd1+ 40. Re1 Qd3+ 41. Kg2 Rg8 42. Kh2 Bd4 43. Qc6 Qf3 0-1